000 00741nam a2200241 a 4500
001 64384
003 BD-RjUL
005 20211209081312.0
008 170214s1954 enk||||| |||| 001 0 eng d
035 _a(BD-RjUL)64514
040 _aBD-RjUL
_beng
_cBD-RjUL
041 _aeng
082 _223
_bKIM 1954
_a956
100 1 _aKirk, George
_9191074
245 1 0 _aThe Middle East in the war /
_cGeorge Kirk
260 _aLondon :
_bOxford University Press,
_c1954.
300 _axiii, 511 p. :
_bill. ;
_c25 cm.
490 _aSurvey of international affairs 1939-1945.
500 _aIncludes index
650 _aMiddle East
_yWorld War (1939-1945)
_9191075
830 _aSurvey of international affairs 1939-1945.
_9228792
942 _2ddc
_cBK
999 _c64384
_d64384